[Event "Coventry International"]
[Site "Coventry"]
[Date "2025.10.29"]
[Round "6.24"]
[White "Verbytski, Oleg"]
[Black "Sandhu, Manvith"]
[Result "1-0"]
[WhiteElo "2092"]
[BlackElo "1937"]
[PlyCount "81"]
[EventDate "2025.10.26"]
[EventType "swiss"]
[EventRounds "9"]
[EventCountry "ENG"]
[SourceTitle "BritBase"]
[Source "John Saunders"]
[SourceDate "2025.10.31"]
[SourceVersion "1"]
[SourceVersionDate "2025.10.31"]
[SourceQuality "1"]

1. e4 c5 2. Nf3 e6 3. d4 cxd4 4. Nxd4 a6 5. Nc3 Qc7 6. Be3 Nf6 7. Bd3 Bb4 8. Nde2 O-O 9. O-O Ng4 10. Bf4 Bd6 11. Bxd6 Qxd6 12. Ng3 Ne5 13. Be2 Qb6 14. b3 d6 15. Kh1 Nbd7 16. f4 Ng6 17. Qd2 Qc7 18. Nh5 f5 19. exf5 exf5 20. Nd5 Qd8 21. Bc4 b5 22. Qd4 Nde5 23. fxe5 dxe5 24. Nb6+ bxc4 25. Qxd8 Rxd8 26. Nxa8 Bb7 27. Rad1 Rxa8 28. Rd7 Be4 29. Rxg7+ Kh8 30. Rd1 Nf4 31. Rdd7 Nxh5 32. Rxh7+ Kg8 33. Rxh5 Bxc2 34. bxc4 Rb8 35. h4 e4 36. Rg5+ Kh8 37. Rxf5 Re8 38. Rff7 Rc8 39. Rfe7 Kg8 40. h5 Kf8 41. h6 1-0

[Event "Coventry International"]
[Site "Coventry"]
[Date "2025.10.29"]
[Round "6.25"]
[White "Okhai, Shabir"]
[Black "Lazarus, Simon E"]
[Result "1/2-1/2"]
[WhiteElo "2069"]
[BlackElo "1910"]
[PlyCount "58"]
[EventDate "2025.10.26"]
[EventType "swiss"]
[EventRounds "9"]
[EventCountry "ENG"]
[SourceTitle "BritBase"]
[Source "John Saunders"]
[SourceDate "2025.10.31"]
[SourceVersion "1"]
[SourceVersionDate "2025.10.31"]
[SourceQuality "1"]

1. e4 g6 2. d4 Bg7 3. Nc3 c6 4. Be3 d5 5. e5 f6 6. f4 Nh6 7. h3 fxe5 8. fxe5 Nf5 9. Bf2 c5 10. Nf3 cxd4 11. Nb5 Nc6 12. g4 Ne3 13. Bxe3 dxe3 14. Qxd5 Qxd5 15. Nc7+ Kf8 16. Nxd5 Nxe5 17. Nxe5 Bxe5 18. c3 h5 19. gxh5 Rxh5 20. Bg2 Rb8 21. Nxe3 b6 22. Rd1 Bg3+ 23. Kd2 Ba6 24. Kc2 Re5 25. Ng4 Re2+ 26. Rd2 Rxd2+ 27. Kxd2 Rd8+ 28. Kc2 Kg7 29. Be4 Rd6 1/2-1/2

[Event "Coventry International"]
[Site "Coventry"]
[Date "2025.10.29"]
[Round "6.26"]
[White "Amir, Zain"]
[Black "Sasikumar, Srivathsan"]
[Result "0-1"]
[WhiteElo "1690"]
[BlackElo "2021"]
[PlyCount "119"]
[EventDate "2025.10.26"]
[EventType "swiss"]
[EventRounds "9"]
[EventCountry "ENG"]
[SourceTitle "BritBase"]
[Source "John Saunders"]
[SourceDate "2025.10.31"]
[SourceVersion "1"]
[SourceVersionDate "2025.10.31"]
[SourceQuality "1"]

1. d4 Nf6 2. Bf4 d5 3. e3 Bf5 4. Nf3 e6 5. Bd3 Ne4 6. O-O Be7 7. c4 c6 8. Nc3 Nd7 9. Qc2 Ndf6 10. Be5 Nd6 11. Bxf5 Nxf5 12. cxd5 cxd5 13. Qb3 b6 14. Nb5 O-O 15. Rfc1 Ne4 16. Bc7 Qe8 17. Bf4 Bd8 18. Nc7 Bxc7 19. Rxc7 f6 20. Rac1 g5 21. Bg3 h5 22. R7c2 h4 23. Bc7 Rc8 24. h3 Qg6 25. Nh2 Nh6 26. f3 Ng3 27. Bxg3 Rxc2 28. Qxc2 Qxc2 29. Rxc2 hxg3 30. Nf1 Nf5 31. Rc7 Rf7 32. Rc8+ Kg7 33. e4 dxe4 34. fxe4 Nd6 35. Rc6 Nxe4 36. Rxe6 f5 37. Ne3 Nd2 38. Re5 f4 39. Nf1 Nxf1 40. Kxf1 Kf6 41. Ke2 Rc7 42. Kd2 Rc6 43. Re2 Re6 44. Kd3 Rc6 45. Kd2 Re6 46. Kd3 Rxe2 47. Kxe2 Ke6 48. Kf3 Kd5 49. h4 gxh4 50. Kxf4 h3 51. Kxg3 hxg2 52. Kxg2 Kxd4 53. Kf3 Kd3 54. Kf4 Kc2 55. b4 b5 56. Ke5 Kc3 57. a3 Kb3 58. Kd5 Kxa3 59. Kc5 Ka4 60. Kd4 0-1

[Event "Coventry International"]
[Site "Coventry"]
[Date "2025.10.29"]
[Round "6.27"]
[White "Lishoy Gengis Paratazham, Dildarav"]
[Black "Sieczkowski, Adam"]
[Result "1/2-1/2"]
[WhiteElo "2017"]
[BlackElo "1909"]
[PlyCount "100"]
[EventDate "2025.10.26"]
[EventType "swiss"]
[EventRounds "9"]
[EventCountry "ENG"]
[SourceTitle "BritBase"]
[Source "John Saunders"]
[SourceDate "2025.10.31"]
[SourceVersion "1"]
[SourceVersionDate "2025.10.31"]
[SourceQuality "1"]

1. e4 c6 2. d4 d5 3. exd5 cxd5 4. c4 Nf6 5. Nc3 e6 6. Nf3 Bb4 7. Bd3 dxc4 8. Bxc4 O-O 9. O-O h6 10. Bf4 Nc6 11. Qd3 Bd6 12. Bxd6 Qxd6 13. Ne4 Qf4 14. Rfe1 Rd8 15. Rad1 Nb4 16. Nxf6+ Qxf6 17. Qe4 Rb8 18. Qe5 Qxe5 19. dxe5 Bd7 20. Nd4 Bc6 21. a3 Bd5 22. Bb5 Na6 23. f3 Rbc8 24. Bxa6 bxa6 25. Kf2 a5 26. Rc1 Rb8 27. Re2 Rb6 28. Rc5 Bb7 29. Ke3 Rd5 30. Rxd5 Bxd5 31. Rc2 g5 32. h3 Kg7 33. g3 a6 34. Rf2 f6 35. exf6+ Kxf6 36. Rc2 h5 37. h4 g4 38. fxg4 hxg4 39. Ne2 Ke5 40. Nc3 Bf3 41. Rh2 Kf6 42. Rf2 Kg6 43. Rd2 Kf5 44. Rc2 Rc6 45. Rd2 e5 46. Rd3 Rb6 47. Rd2 Rc6 48. Rf2 Rb6 49. Rh2 Rd6 50. Rd2 Rb6 1/2-1/2

[Event "Coventry International"]
[Site "Coventry"]
[Date "2025.10.29"]
[Round "6.28"]
[White "Ireland, David J"]
[Black "Hindol, Ghosh"]
[Result "1/2-1/2"]
[WhiteElo "1956"]
[BlackElo "1866"]
[PlyCount "168"]
[EventDate "2025.10.26"]
[EventType "swiss"]
[EventRounds "9"]
[EventCountry "ENG"]
[SourceTitle "BritBase"]
[Source "John Saunders"]
[SourceDate "2025.10.31"]
[SourceVersion "1"]
[SourceVersionDate "2025.10.31"]
[SourceQuality "1"]

1. d4 Nf6 2. c4 c5 3. d5 b5 4. cxb5 a6 5. e3 axb5 6. Bxb5 Qa5+ 7. Nc3 Bb7 8. Bc4 e6 9. Bd2 Qb6 10. e4 Nxe4 11. dxe6 fxe6 12. Nxe4 Bxe4 13. Qh5+ Bg6 14. Qf3 Nc6 15. Ne2 Be7 16. Bc3 d5 17. Nf4 O-O 18. Qe3 dxc4 19. Nxg6 hxg6 20. Qxe6+ Rf7 21. O-O Rb8 22. Rfe1 Bf6 23. Qxc4 Bxc3 24. bxc3 Na5 25. Qe4 Qf6 26. Qe3 Rb2 27. f3 Qf5 28. Re2 Rxe2 29. Qxe2 Rb7 30. h3 Rb1+ 31. Rxb1 Qxb1+ 32. Kh2 Qb6 33. Qe8+ Kh7 34. Qe7 Qb8+ 35. Kg1 Qc8 36. Kh2 c4 37. Qh4+ Kg8 38. Qg5 Qc7+ 39. Kh1 Qb6 40. Kh2 Qd6+ 41. Kg1 Nb7 42. Qg4 Qc6 43. h4 Kh7 44. h5 Qc5+ 45. Kf1 Qxh5 46. Qxc4 Nd6 47. Qf4 Qb5+ 48. Kg1 Nf5 49. Kh2 Qb2 50. Qc4 Qf2 51. Qe6 Qh4+ 52. Kg1 Qf4 53. c4 Qc1+ 54. Kh2 Qa3 55. Qe2 Qd6+ 56. Kg1 Qc5+ 57. Kh2 Ne3 58. Qe1 Qh5+ 59. Kg1 Nxc4 60. a4 Qc5+ 61. Kh2 Qe5+ 62. Qxe5 Nxe5 63. a5 Kg8 64. a6 Nc6 65. Kg3 Kf7 66. Kg4 Kf6 67. f4 Na7 68. Kf3 Ke6 69. Kg4 Nb5 70. Kg5 Kf7 71. f5 gxf5 72. Kxf5 g6+ 73. Kg5 Kg7 74. Kg4 Kf6 75. Kf4 g5+ 76. Kg4 Kg6 77. Kg3 Kf5 78. Kf3 g4+ 79. Ke3 Ke5 80. g3 Na7 81. Kd3 Kd5 82. Ke3 Ke5 83. Kd3 Nc6 84. Ke3 Na7 1/2-1/2

[Event "Coventry International"]
[Site "Coventry"]
[Date "2025.10.29"]
[Round "6.29"]
[White "Liu, Jacob"]
[Black "Ratcliffe, James"]
[Result "1-0"]
[WhiteElo "1902"]
[BlackElo "1773"]
[PlyCount "103"]
[EventDate "2025.10.26"]
[EventType "swiss"]
[EventRounds "9"]
[EventCountry "ENG"]
[SourceTitle "BritBase"]
[Source "John Saunders"]
[SourceDate "2025.10.31"]
[SourceVersion "1"]
[SourceVersionDate "2025.10.31"]
[SourceQuality "1"]

1. e4 c5 2. Nf3 Nc6 3. d4 cxd4 4. Nxd4 g6 5. c4 Nf6 6. Nc3 d6 7. f3 Nxd4 8. Qxd4 Bg7 9. Be3 O-O 10. Qd2 Be6 11. Be2 a5 12. b3 a4 13. O-O Qa5 14. Nxa4 Qxd2 15. Bxd2 Nd7 16. Bc3 Rfc8 17. Bxg7 Kxg7 18. f4 Ra5 19. Nb2 Nf6 20. Bf3 b5 21. cxb5 Rc2 22. Na4 Rxb5 23. Rfc1 Rd2 24. Rd1 Rc2 25. Rac1 Rxa2 26. Nc3 Raa5 27. Nxb5 Rxb5 28. Rc7 Ng8 29. Rb1 Rxb3 30. Rxb3 Bxb3 31. g4 f6 32. Kf2 g5 33. Ke3 gxf4+ 34. Kxf4 Kg6 35. Be2 Bf7 36. Bd3 e5+ 37. Kg3 Nh6 38. h3 Be6 39. Re7 Bb3 40. Bb5 Nf7 41. Be8 Kg7 42. Rd7 Be6 43. Re7 Bb3 44. Bxf7 Bxf7 45. Rd7 Kf8 46. Rxd6 Bg6 47. Rxf6+ Ke7 48. Rf5 Ke6 49. Kh4 h5 50. Kg5 Bh7 51. Kh6 Bg8 52. Rf8 1-0

[Event "Coventry International"]
[Site "Coventry"]
[Date "2025.10.29"]
[Round "6.30"]
[White "McMahon, Paul"]
[Black "Manickam, Saravanna Bava"]
[Result "1/2-1/2"]
[WhiteElo "1894"]
[BlackElo "1808"]
[PlyCount "93"]
[EventDate "2025.10.26"]
[EventType "swiss"]
[EventRounds "9"]
[EventCountry "ENG"]
[SourceTitle "BritBase"]
[Source "John Saunders"]
[SourceDate "2025.10.31"]
[SourceVersion "1"]
[SourceVersionDate "2025.10.31"]
[SourceQuality "1"]

1. e4 d5 2. Nc3 d4 3. Nce2 e5 4. Ng3 c5 5. Bc4 Nf6 6. Nf3 Nc6 7. O-O Be7 8. d3 h6 9. a3 O-O 10. Nh4 Na5 11. Ba2 c4 12. Nhf5 Be6 13. f4 Nc6 14. Bxc4 Bxc4 15. dxc4 a5 16. fxe5 Nxe5 17. Nxe7+ Qxe7 18. Qxd4 Rfd8 19. Qc3 Qc5+ 20. Be3 Qe7 21. Rad1 Nc6 22. Rxd8+ Rxd8 23. Bxh6 Nd4 24. Bg5 Qc5 25. Be3 Ng4 26. Re1 Nxe3 27. Rxe3 Nxc2 28. Nf5 Rd1+ 29. Kf2 Nd4 30. b4 Qe5 31. g3 Qf6 32. Kg2 Nxf5 33. exf5 Qxf5 34. Rf3 Qe4 35. Qe3 Qc2+ 36. Rf2 Qxc4 37. Qe8+ Kh7 38. Qxf7 Qc6+ 39. Qf3 axb4 40. axb4 Qxf3+ 41. Rxf3 Rd4 42. Rb3 b5 43. Kf3 g5 44. Ke3 Rc4 45. h3 Kg6 46. Kd3 Kh5 47. Ke3 1/2-1/2

[Event "Coventry International"]
[Site "Coventry"]
[Date "2025.10.29"]
[Round "6.31"]
[White "Mehmood, Muhammed"]
[Black "Swiatkowski, Dominik"]
[Result "1/2-1/2"]
[WhiteElo "1660"]
[BlackElo "1891"]
[PlyCount "45"]
[EventDate "2025.10.26"]
[EventType "swiss"]
[EventRounds "9"]
[EventCountry "ENG"]
[SourceTitle "BritBase"]
[Source "John Saunders"]
[SourceDate "2025.10.31"]
[SourceVersion "1"]
[SourceVersionDate "2025.10.31"]
[SourceQuality "1"]

1. d4 Nf6 2. c4 e6 3. Nf3 d5 4. Nc3 dxc4 5. e4 b5 6. e5 Nd5 7. Nxb5 Nb6 8. Be2 Nc6 9. O-O Be7 10. Qd2 O-O 11. Qf4 Nb4 12. Qg4 Kh8 13. Rd1 Bb7 14. Nc3 Rc8 15. Be3 N4d5 16. Nxd5 Bxd5 17. Rac1 c5 18. dxc5 Bxc5 19. Bxc5 Rxc5 20. Ng5 Qc7 21. Qh5 h6 22. f4 Kg8 23. Nf3 1/2-1/2

[Event "Coventry International"]
[Site "Coventry"]
[Date "2025.10.29"]
[Round "6.32"]
[White "Parikh, Naavya"]
[Black "Tso, Chi Wai"]
[Result "1-0"]
[WhiteElo "1846"]
[BlackElo "1817"]
[PlyCount "103"]
[EventDate "2025.10.26"]
[EventType "swiss"]
[EventRounds "9"]
[EventCountry "ENG"]
[SourceTitle "BritBase"]
[Source "John Saunders"]
[SourceDate "2025.10.31"]
[SourceVersion "1"]
[SourceVersionDate "2025.10.31"]
[SourceQuality "1"]

1. e4 e5 2. Nf3 Nc6 3. Bc4 Bc5 4. c3 Nf6 5. d3 h6 6. Nbd2 O-O 7. O-O a6 8. a4 d6 9. Re1 Be6 10. Ba2 Bxa2 11. Rxa2 d5 12. b4 Bb6 13. Ba3 Re8 14. Qb3 Ng4 15. Nf1 dxe4 16. dxe4 Nxf2 17. Rxf2 Bxf2+ 18. Kxf2 Qd3 19. Ne3 Nd4 20. Qb2 Nxf3 21. gxf3 Qd7 22. Rg1 Kh7 23. Qe2 Qh3 24. Ke1 Rad8 25. Bc1 Rd7 26. Rg4 g5 27. Qg2 Qxg2 28. Rxg2 c6 29. Rd2 Rc7 30. Rd6 Rce7 31. Nf5 Re6 32. Rd7 Kg6 33. Rxb7 a5 34. Be3 axb4 35. cxb4 Ra8 36. a5 h5 37. h3 g4 38. fxg4 hxg4 39. hxg4 Rh8 40. a6 Rh1+ 41. Kd2 Ra1 42. a7 c5 43. Bxc5 Rea6 44. Kd3 R6a3+ 45. Kc4 Rc1+ 46. Kd5 Kf6 47. Be7+ Kg6 48. Kxe5 Rc6 49. Kd5 Rc2 50. Bc5 Rd3+ 51. Nd4 Ra2 52. b5 1-0

[Event "Coventry International"]
[Site "Coventry"]
[Date "2025.10.29"]
[Round "6.33"]
[White "Dissanayake, Sathsara"]
[Black "Vaidyanathan, Sathya"]
[Result "0-1"]
[WhiteElo "1845"]
[BlackElo "1770"]
[PlyCount "86"]
[EventDate "2025.10.26"]
[EventType "swiss"]
[EventRounds "9"]
[EventCountry "ENG"]
[SourceTitle "BritBase"]
[Source "John Saunders"]
[SourceDate "2025.10.31"]
[SourceVersion "1"]
[SourceVersionDate "2025.10.31"]
[SourceQuality "1"]

1. e4 e5 2. Nf3 Nc6 3. Bb5 a6 4. Ba4 Nf6 5. O-O b5 6. Bb3 Be7 7. Re1 O-O 8. c3 d5 9. exd5 Nxd5 10. Nxe5 Nxe5 11. Rxe5 c6 12. d4 Bd6 13. Re1 Qh4 14. g3 Qh3 15. Qf3 Bg4 16. Qg2 Qh5 17. Be3 Bf3 18. Qf1 f5 19. Nd2 f4 20. Nxf3 fxe3 21. Bd1 Rxf3 22. Bxf3 Qxf3 23. fxe3 Qe4 24. Qg2 Re8 25. Qxe4 Rxe4 26. Kf2 g5 27. Kf3 Nf6 28. Rf1 g4+ 29. Kf2 Nd5 30. Rae1 Be7 31. h4 Kg7 32. Re2 Kg6 33. a3 Bf8 34. b3 Bh6 35. Rfe1 Nxc3 36. Rc2 Bxe3+ 37. Rxe3 Nd1+ 38. Ke2 Nxe3 39. Rxc6+ Kf7 40. Kd3 Re7 41. Rxa6 Nf5 42. Kc3 Nxg3 43. d5 Nf5 0-1

[Event "Coventry International"]
[Site "Coventry"]
[Date "2025.10.29"]
[Round "6.34"]
[White "Ranasinghe, Chaniru"]
[Black "Swiatkowski, Aram"]
[Result "0-1"]
[WhiteElo "1805"]
[BlackElo "1860"]
[PlyCount "68"]
[EventDate "2025.10.26"]
[EventType "swiss"]
[EventRounds "9"]
[EventCountry "ENG"]
[SourceTitle "BritBase"]
[Source "John Saunders"]
[SourceDate "2025.10.31"]
[SourceVersion "1"]
[SourceVersionDate "2025.10.31"]
[SourceQuality "1"]

1. d4 Nf6 2. Bf4 d5 3. e3 c5 4. c3 Nc6 5. Nd2 cxd4 6. exd4 Bf5 7. Ngf3 e6 8. Bb5 Qb6 9. Qb3 Be7 10. Be2 Qxb3 11. axb3 Ne4 12. O-O g5 13. Be3 g4 14. Ne1 h5 15. f3 Nxd2 16. Bxd2 Bd6 17. fxg4 hxg4 18. Bf4 Kd7 19. Bxd6 Kxd6 20. Rf4 Rag8 21. Nd3 Rh6 22. Kf2 Rxh2 23. Kg3 Rh6 24. Nf2 Rhg6 25. b4 f6 26. Nd1 a6 27. Ne3 Be4 28. c4 Nxd4 29. c5+ Kd7 30. Bd1 e5 31. Rf2 f5 32. Bxg4 fxg4 33. Raf1 Ke6 34. Rf7 Ne2+ 0-1

[Event "Coventry International"]
[Site "Coventry"]
[Date "2025.10.29"]
[Round "6.35"]
[White "Sherwood, Gabriel"]
[Black "Matthews, Adrian Ms"]
[Result "1-0"]
[WhiteElo "1851"]
[BlackElo "1804"]
[PlyCount "73"]
[EventDate "2025.10.26"]
[EventType "swiss"]
[EventRounds "9"]
[EventCountry "ENG"]
[SourceTitle "BritBase"]
[Source "John Saunders"]
[SourceDate "2025.10.31"]
[SourceVersion "1"]
[SourceVersionDate "2025.10.31"]
[SourceQuality "1"]

1. e4 c5 2. Nc3 Nc6 3. Bb5 g6 4. Bxc6 dxc6 5. f4 Bg7 6. Nf3 Nf6 7. d3 O-O 8. O-O b6 9. Qe1 Ba6 10. Qh4 e6 11. f5 Ne8 12. Bg5 Bf6 13. fxg6 hxg6 14. Rf2 Qe7 15. Raf1 Bxg5 16. Nxg5 f6 17. Qh6 Rf7 18. Nxf7 Qxf7 19. Rf3 Qh7 20. Qxh7+ Kxh7 21. Rxf6 Nxf6 22. Rxf6 Bc8 23. e5 c4 24. dxc4 a5 25. Ne4 Ba6 26. Nd6 b5 27. cxb5 cxb5 28. Rxe6 b4 29. Kf2 a4 30. Ke3 Bf1 31. Kf2 Ba6 32. b3 axb3 33. Re7+ Kh6 34. axb3 Bc8 35. Re8 Bb7 36. Rxa8 Bxa8 37. e6 1-0

[Event "Coventry International"]
[Site "Coventry"]
[Date "2025.10.30"]
[Round "7.1"]
[White "Wadsworth, Matthew J"]
[Black "Willow, Jonah B"]
[Result "1/2-1/2"]
[WhiteElo "2487"]
[BlackElo "2472"]
[PlyCount "41"]
[EventDate "2025.10.26"]
[EventType "swiss"]
[EventRounds "9"]
[EventCountry "ENG"]
[SourceTitle "BritBase"]
[Source "John Saunders"]
[SourceDate "2025.10.31"]
[SourceVersion "1"]
[SourceVersionDate "2025.10.31"]
[SourceQuality "1"]

1. d4 Nf6 2. c4 g6 3. Nc3 d5 4. Nf3 Bg7 5. Qb3 c5 6. cxd5 cxd4 7. Nxd4 Nxd5 8. Qxd5 Bxd4 9. Qxd8+ Kxd8 10. Bd2 Nc6 11. O-O-O Bd7 12. e3 Bg7 13. Ne4 Kc7 14. Bc3 Bxc3 15. Nxc3 Be6 16. Nd5+ Bxd5 17. Rxd5 Rad8 18. Rxd8 Rxd8 19. Be2 Nb4 20. a3 Nd3+ 21. Bxd3 1/2-1/2

[Event "Coventry International"]
[Site "Coventry"]
[Date "2025.10.30"]
[Round "7.2"]
[White "Lohia, Sohum"]
[Black "Plat, Vojtech"]
[Result "1/2-1/2"]
[WhiteElo "2391"]
[BlackElo "2456"]
[PlyCount "20"]
[EventDate "2025.10.26"]
[EventType "swiss"]
[EventRounds "9"]
[EventCountry "ENG"]
[SourceTitle "BritBase"]
[Source "John Saunders"]
[SourceDate "2025.10.31"]
[SourceVersion "1"]
[SourceVersionDate "2025.10.31"]
[SourceQuality "1"]

1. e4 d6 2. d4 Nf6 3. Nc3 e5 4. Nf3 exd4 5. Nxd4 Be7 6. g3 d5 7. e5 Ng4 8. Bg2 Nxe5 9. Qe2 Nec6 10. Be3 Nxd4 1/2-1/2

[Event "Coventry International"]
[Site "Coventry"]
[Date "2025.10.30"]
[Round "7.3"]
[White "Turner, Max N"]
[Black "Wang, Hao ZJ"]
[Result "0-1"]
[WhiteElo "2255"]
[BlackElo "2424"]
[PlyCount "92"]
[EventDate "2025.10.26"]
[EventType "swiss"]
[EventRounds "9"]
[EventCountry "ENG"]
[SourceTitle "BritBase"]
[Source "John Saunders"]
[SourceDate "2025.10.31"]
[SourceVersion "1"]
[SourceVersionDate "2025.10.31"]
[SourceQuality "1"]

1. d4 Nf6 2. c4 e6 3. Nf3 d5 4. Nc3 Nc6 5. Bg5 Bb4 6. e3 h6 7. Bh4 g5 8. Bg3 Ne4 9. Nd2 Nxc3 10. bxc3 Bxc3 11. Rc1 Bb4 12. h4 gxh4 13. Bxh4 Be7 14. Bg3 a6 15. Bd3 Bd7 16. Qf3 Nb4 17. Bb1 Bc6 18. c5 Bb5 19. Rc3 Nc6 20. Rh5 b6 21. Qf4 bxc5 22. Rxh6 Rxh6 23. Qxh6 c4 24. Qh7 Bb4 25. Rc2 Qe7 26. f3 Kd7 27. Kf2 Ba4 28. Nf1 f5 29. Qg6 Bxc2 30. Bxc2 Bd6 31. Ba4 Rb8 32. a3 Rb2+ 33. Kg1 Ra2 34. Qh5 Rxa3 35. Bh4 Qg7 36. Bxc6+ Kxc6 37. Qe8+ Qd7 38. Qa8+ Kb6 39. Qb8+ Ka5 40. Be1+ Ka4 41. Nd2 Qb5 42. Qc8 Rxe3 43. Kf2 Rxe1 44. Kxe1 c3 45. Nf1 c2 46. Kd2 Bf4+ 0-1

[Event "Coventry International"]
[Site "Coventry"]
[Date "2025.10.30"]
[Round "7.4"]
[White "Vaidyanathan, Adithya"]
[Black "Kanyamarala, Tarun"]
[Result "0-1"]
[WhiteElo "2129"]
[BlackElo "2376"]
[PlyCount "66"]
[EventDate "2025.10.26"]
[EventType "swiss"]
[EventRounds "9"]
[EventCountry "ENG"]
[SourceTitle "BritBase"]
[Source "John Saunders"]
[SourceDate "2025.10.31"]
[SourceVersion "1"]
[SourceVersionDate "2025.10.31"]
[SourceQuality "1"]

1. d4 Nf6 2. c4 e6 3. Nc3 Bb4 4. f3 O-O 5. a3 Bxc3+ 6. bxc3 Nh5 7. Nh3 d6 8. g3 f5 9. Bg2 Nc6 10. O-O Na5 11. Qa4 b6 12. f4 Bd7 13. Qc2 Nxc4 14. e4 Nf6 15. exf5 exf5 16. Qb3 b5 17. Bxa8 Qxa8 18. a4 Qd5 19. axb5 Bxb5 20. Ng5 Bc6 21. Nf3 a5 22. Rb1 Re8 23. Qa2 h6 24. Qg2 Ng4 25. Re1 Re4 26. Rb8+ Kh7 27. Rxe4 Qxe4 28. Nh4 Qd3 29. Qf1 Qc2 30. Ng2 Bxg2 31. Qxg2 Qxc1+ 32. Qf1 Qe3+ 33. Kh1 Nd2 0-1

[Event "Coventry International"]
[Site "Coventry"]
[Date "2025.10.30"]
[Round "7.5"]
[White "Talab, Rami"]
[Black "Kovchan, Alexander"]
[Result "0-1"]
[WhiteElo "2052"]
[BlackElo "2444"]
[PlyCount "134"]
[EventDate "2025.10.26"]
[EventType "swiss"]
[EventRounds "9"]
[EventCountry "ENG"]
[SourceTitle "BritBase"]
[Source "John Saunders"]
[SourceDate "2025.10.31"]
[SourceVersion "1"]
[SourceVersionDate "2025.10.31"]
[SourceQuality "1"]

1. d4 d6 2. c4 e5 3. dxe5 dxe5 4. Qxd8+ Kxd8 5. Nc3 Be6 6. b3 Nd7 7. g3 c6 8. Bh3 Bxh3 9. Nxh3 f6 10. f3 a5 11. Nf2 Ne7 12. Ba3 Nf5 13. Bxf8 Rxf8 14. Nd3 Kc7 15. Kf2 Nd4 16. Rad1 Ne6 17. f4 exf4 18. Nxf4 Rae8 19. Nxe6+ Rxe6 20. e4 Nc5 21. Rhe1 Rfe8 22. Kf3 f5 23. Rd4 g5 24. h3 h5 25. Re2 fxe4+ 26. Nxe4 g4+ 27. hxg4 hxg4+ 28. Kf4 b6 29. Re3 R6e7 30. Kf5 Re6 31. Kf4 Re5 32. Re2 R5e7 33. Kf5 Rf8+ 34. Kxg4 Rg7+ 35. Kh3 Ne6 36. Rdd2 Nf4+ 37. Kh2 Nxe2 38. Rxe2 Rf3 39. Kh3 a4 40. bxa4 Ra3 41. c5 bxc5 42. Kg2 c4 43. Rc2 Rg4 44. Nc3 Rd4 45. Ne2 Re4 46. Kf2 Kb6 47. Nc3 Rg4 48. Nb1 Raxg3 49. Nd2 Ka6 50. Rxc4 Rxc4 51. Nxc4 Rc3 52. Ne3 Ka5 53. Ke2 Kxa4 54. Kd2 Ra3 55. Nc2 Rxa2 56. Kc3 Kb5 57. Nd4+ Kc5 58. Ne6+ Kd6 59. Nd4 Rh2 60. Kc4 Rh4 61. Kc3 Kd5 62. Nb3 c5 63. Nd2 Rh3+ 64. Kc2 c4 65. Kc1 Kd4 66. Kc2 Rh2 67. Kc1 Kd3 0-1

[Event "Coventry International"]
[Site "Coventry"]
[Date "2025.10.30"]
[Round "7.6"]
[White "Gormally, Daniel W"]
[Black "Zhang, Junyi"]
[Result "1-0"]
[WhiteElo "2396"]
[BlackElo "2058"]
[PlyCount "83"]
[EventDate "2025.10.26"]
[EventType "swiss"]
[EventRounds "9"]
[EventCountry "ENG"]
[SourceTitle "BritBase"]
[Source "John Saunders"]
[SourceDate "2025.10.31"]
[SourceVersion "1"]
[SourceVersionDate "2025.10.31"]
[SourceQuality "1"]

1. d4 Nf6 2. Nf3 d5 3. c4 e6 4. g3 dxc4 5. Bg2 c5 6. O-O Nc6 7. Qa4 Bd7 8. Qxc4 b5 9. Qd3 c4 10. Qd1 Rc8 11. Re1 Be7 12. e4 O-O 13. d5 exd5 14. exd5 Nb4 15. d6 Bxd6 16. Qxd6 Nc2 17. Na3 Nxa1 18. Be3 Ne4 19. Qd4 b4 20. Qxe4 bxa3 21. bxa3 Re8 22. Qb1 c3 23. Qxa1 Qf6 24. Nd4 Rc4 25. Ne2 Rec8 26. Nf4 Be6 27. Bb7 Rb8 28. Bd5 Bxd5 29. Nxd5 Qd8 30. Nxc3 Qa5 31. Ne2 Rbc8 32. Rd1 Qxa3 33. Qe5 Qa4 34. Rd5 Qxa2 35. Bd4 f6 36. Qe6+ Kh8 37. Kg2 Qa4 38. Bxf6 Qc6 39. Qxc6 R4xc6 40. Bd4 a6 41. Rd7 Rg6 42. Nf4 1-0

[Event "Coventry International"]
[Site "Coventry"]
[Date "2025.10.30"]
[Round "7.7"]
[White "Mirzoeva, Elmira"]
[Black "Golubka, Petr"]
[Result "0-1"]
[WhiteElo "2300"]
[BlackElo "2385"]
[PlyCount "110"]
[EventDate "2025.10.26"]
[EventType "swiss"]
[EventRounds "9"]
[EventCountry "ENG"]
[SourceTitle "BritBase"]
[Source "John Saunders"]
[SourceDate "2025.10.31"]
[SourceVersion "1"]
[SourceVersionDate "2025.10.31"]
[SourceQuality "1"]

1. d4 Nf6 2. c4 e6 3. Nf3 a6 4. Nc3 d5 5. c5 Nc6 6. Bf4 Be7 7. h3 b6 8. cxb6 cxb6 9. e3 Bd7 10. Bd3 Nb4 11. Bb1 b5 12. O-O O-O 13. Ne5 Be8 14. a3 Nc6 15. Qd3 Kh8 16. Nxc6 Bxc6 17. Rc1 g6 18. Na4 Rc8 19. Nc5 Qb6 20. b4 Ne8 21. Qe2 Nd6 22. Bxd6 Bxd6 23. h4 Kg7 24. h5 e5 25. Qg4 Rce8 26. Bf5 Re7 27. hxg6 hxg6 28. Ne6+ Rxe6 29. Bxe6 fxe6 30. Qxe6 Rf6 31. Qg4 exd4 32. Qxd4 Qxd4 33. exd4 Bd7 34. Rc3 g5 35. Re1 g4 36. Rd1 Kg6 37. Re1 Kg5 38. Rd1 Rh6 39. Re1 a5 40. bxa5 b4 41. axb4 Bh2+ 42. Kh1 Bf5 43. b5 Bc7+ 44. Kg1 Bxa5 45. Rec1 Bxc3 46. Rxc3 Kf4 47. Re3 Rb6 48. g3+ Kg5 49. Re8 Rxb5 50. Rg8+ Bg6 51. Rd8 Be4 52. Rg8+ Kf6 53. Kh2 Rb1 54. f3 Rb2+ 55. Kg1 gxf3 0-1

[Event "Coventry International"]
[Site "Coventry"]
[Date "2025.10.30"]
[Round "7.8"]
[White "Hebden, Mark L"]
[Black "Balaji, Aaravamudhan"]
[Result "1-0"]
[WhiteElo "2355"]
[BlackElo "2288"]
[PlyCount "77"]
[EventDate "2025.10.26"]
[EventType "swiss"]
[EventRounds "9"]
[EventCountry "ENG"]
[SourceTitle "BritBase"]
[Source "John Saunders"]
[SourceDate "2025.10.31"]
[SourceVersion "1"]
[SourceVersionDate "2025.10.31"]
[SourceQuality "1"]

1. Nf3 d5 2. e3 Nf6 3. c4 e6 4. Nc3 Be7 5. b3 O-O 6. Bb2 b6 7. cxd5 Nxd5 8. Nxd5 exd5 9. Qc2 c5 10. Be2 Nc6 11. d4 Be6 12. O-O Rc8 13. Qd2 cxd4 14. Nxd4 Nxd4 15. Bxd4 Bf6 16. Rfd1 Qe7 17. Bf3 Rfd8 18. h3 Kf8 19. Qb2 Bxd4 20. Rxd4 Rc7 21. Rad1 Rcd7 22. b4 Qf6 23. Qe2 g6 24. Bg4 Rc7 25. Bxe6 Qxe6 26. Qd2 Rdc8 27. Rxd5 Qf6 28. Rd6 Qc3 29. Qd5 Kg7 30. g4 Qb2 31. Rd4 Re8 32. Qg5 Qb1+ 33. Kg2 Qxa2 34. Qf6+ Kg8 35. h4 Qa6 36. Rd8 Qb7+ 37. f3 Rce7 38. h5 Re6 39. h6 1-0